000 00482nam a2200157 i 4500
001 bgj
245 0 0 _aWebster's family encyclopedia.
_nVol. 5,
_pFue-Hus /
_cStephen P. Elliott, editor.
260 _aNew York :
_bArrow Trading Co., Inc.,
_cc. 1987.
300 _a251 pp. :
_bill., maps ;
_c21 cm.
650 9 _aEncyclopedies and Dictionaries
700 1 _aELLIOTT, Stephen
_bP.
_eeditor
040 _cBPK
041 0 _aeng
942 _cKS
008 s uk f |000 0 eng
999 _c41457
_d41457